| 000 | 00453cam a2200169 4500 | ||
|---|---|---|---|
| 001 | D13258 | ||
| 008 | 090401t1937 xxu||||| |||| 00| 0 eng d | ||
| 035 | _a(Sirsi) u94394 | ||
| 041 | _aeng | ||
| 100 | _aLester, Reginald M | ||
| 245 | _aProperty Investment : a guide to the property market with practical hints for investors. | ||
| 260 |
_aLondon _bPitman _c1937 |
||
| 300 | _aviii,215p. ; 21cm. | ||
| 350 | _a0 | ||
| 942 | _n0 | ||
| 948 | _c04/03/1997 | ||
| 999 |
_c98013 _d98013 |
||